000 nam a22 7a 4500
999 _c15506
_d15506
008 161101b xxu||||| |||| 00| 0 eng d
020 _a9780826216526
050 _aBD 431 .L8613 2006
100 _aLurie, Yuval
245 _aTracking the Meaning of Life/
_b A Philosophical Journey/
_cYuval Lurie
260 _aColumbia :
_bUniversity of Missouri Press,
_c2006.
300 _a1 online resource (ix, 337 pages)
_bill.;
_c21cm.
521 _aIncludes index.
650 _aLife.
650 _aPhylosophy, Modern.
650 _aPhylosophy- Movements- Humanism.
942 _2lcc
_cBOOKS
_hBD 431 .L8613 2006